00431 2200169 4500001002100000005001500021008004100036035001900077041000700096082001300103090001900116100002100135245002700156260002900183300003300212650001600245INLIS00000000000143520241224112341241224||||||||| | ||| |||| || |  0010-1224001435 aid0 a390.0072 a390.0072 Eri u0 aEriyandi Budiman00aUpacara Adat Nusantara aBandungbGaza Publishing av, 138 hlm. : ilusi. ; 24 cm 0aIlmu Sosial